000 00542nam a2200205Ia 4500
005 20250923145914.0
008 008 250917s9999 xx 000 0 eng d
037 _aTextual
040 _aDSWL
_beng
_cDSWL
041 _aeng
_2eng
084 _aYX,ZB, N82
_qDSWL
100 _aBrearley, C.P.
_9840159
245 0 _aRisk and social work
_c by C.P. Brearley
260 _aLondon
_b Routlence
_c1982
300 _ax,175p.
365 _aGBP
_b8.5
925 _g8.5
942 _cTEXL
_hYX,ZB, N82
999 _c1457179
_d1457179